000 00563nam a22001697a 4500
005 20251108165430.0
008 250721s9999 xx 000 0 ara d
082 1 4 _aم/745.61/شبل
100 1 _aالشبلي، أحمد عبد الفتاح
245 1 0 _aجمال الخط العربي دراسة فنية تحليلية تعليمية /
264 1 _aالقاهرة :
_bدار الطلائع للنشر و التوزيع،
_c[19-].
300 _a144ص
650 1 7 _aالخط العربي
650 1 7 _aالزخرفة
942 _2ddc
_cREF
999 _c27793
_d27793